Hiddensee
| Titel: | Hiddensee : Insel im Farbenmeer / Harald Hoffmann de Vere |
|---|---|
| Verfasser: | |
| Veröffentlicht: | Berlin : Nicolai, 2014 |
| Umfang: | 127 Seiten : Illustrationen ; 29 cm |
| Format: | Buch |
| Sprache: | Deutsch; Englisch |
| ISBN: | 9783894798567 |
| Hinweise zum Inhalt: |
Inhaltsverzeichnis
|
alg: 34479773 001A $06000:14-08-14 001B $01999:29-01-25 $t09:52:33.000 001D $06000:07-05-15 001U $0utf8 001X $00 002@ $0Aax 002C $aunbewegtes Bild $bsti $2rdacontent 002C $aText $btxt $2rdacontent 002D $aohne Hilfsmittel zu benutzen $bn $2rdamedia 002E $aBand $bnc $2rdacarrier 003@ $0344797732 003O $0870541577 $aOCoLC 004A $A978-3-89479-856-7 $fGewebe : EUR 29.90 (DE), EUR 30.80 (AT), sfr 40.90 004K $09783894798567 006C $0870541577 006G $01047076039 006H $0TOCNEUA1433 $2DNB 006T $014,N07 006U $015,A19 $f20140203 007A $01047076039 $aDNB 007G $0DE0203AF0AF656A74DCF5C1258076003B288F 009P $qapplication/pdf $A2 $3Inhaltsverzeichnis $uhttp://scans.hebis.de/HEBCGI/show.pl?34479773_toc.pdf $mV:DE-603;B:DE-Mb50 010@ $ager $aeng 011@ $a2014 013D $RBuch $RBildliche Darstellung $#Abbildungen Formschlagwort $#Ansichtspostkarte Formschlagwort $#Bildatlas $#Bilddokumente $#Bilder Formschlagwort $#Bildmaterial Formschlagwort $#Ansichten Formschlagwort $#Bildsammlung $#Abbildungswerk $#Illustrationswerk $#Photographien-Bildband $#Fotographien-Bildband $#Bildbände $74145395-5 $8Bildband [Ts1] $9085578738 021A $aHiddensee $dInsel im Farbenmeer $hHarald Hoffmann de Vere 028A $BVerfasser $#De Vere, Harald Hoffmann $#Hoffmann- de Vere, Harald $#Hoffmann DeVere, Harald $#DeVere, Harald Hoffmann $#Hoffmann-DeVere, Harald $4aut $7123052556 $8Hoffmann de Vere, Harald$Z1945- [Tp1] $9099327813 033A $pBerlin $nNicolai 034D $a127 Seiten 034I $a29 cm 034M $aIllustrationen 044K $qDNB $#De Vere, Harald Hoffmann $#Hoffmann- de Vere, Harald $#Hoffmann DeVere, Harald $#DeVere, Harald Hoffmann $#Hoffmann-DeVere, Harald $7123052556 $8Hoffmann de Vere, Harald$Z1945- [Tp1] $9099327813 044K $qDNB $RMalerei $RLandschaft $#Landscape painting $#Peinture de paysage $#Paesaggio$#Pintura de paisaje $#Landschaftsgemälde $74114355-3 $8Landschaftsmalerei [Ts1] $908534186X 044K $qDNB $RMotiv $74429171-1 $8Hiddensee$gMotiv [Ts1] $9088704912 045E $c750 045F $a759.3 $eDDC22ger 045F/01 $a759 045F/03 $g43 045G $a709.43 $eDDC23BSB 045G/01 $a709 045G/03 $g43 046L $aText deutsch und englisch lok: 34479773 24 101B $016-11-16 $t10:27:41.000 101C $016-11-16 101U $0utf8 145Z/01 $a9 8 H 41 145Z/02 $a3 9 F exp: 34479773 24 1 #EPN 201B/01 $016-11-16 $t10:27:41.000 201C/01 $004-11-16 201U/01 $0utf8 203@/01 $0786352639 208@/01 $a16-11-16 $bz 209A/01 $a16.08130 $du $f050 $h16 08130 $x00 209C/01 $a16.08130 K $h16 08130 K 209G/01 $a73919916 $x00 220C/01 $aeng/hae 247C/01 $8358050-7 Marburg, Bibliothek des Herder-Instituts Marburg $9102600961
| LEADER | 00000cam a22000002c 4500 | ||
|---|---|---|---|
| 001 | 344797732 | ||
| 003 | DE-603 | ||
| 005 | 20250129095233.0 | ||
| 007 | tu | ||
| 008 | 140814s2014 xx |||| | u00||u|ger | ||
| 015 | |a 15,A19 |z 14,N07 |2 dnb | ||
| 016 | 7 | |2 DE-101 |a 1047076039 | |
| 020 | |a 9783894798567 |c Gewebe : EUR 29.90 (DE), EUR 30.80 (AT), sfr 40.90 | ||
| 024 | 3 | |a 9783894798567 | |
| 035 | |a (DE-599)DNB1047076039 | ||
| 035 | |a (OCoLC)870541577 | ||
| 040 | |a DE-603 |b ger |c DE-603 |d DE-603 | ||
| 041 | |a ger |a eng | ||
| 082 | 0 | 4 | |8 1\u |a 759.3 |q DE-101 |2 22/ger |
| 083 | 0 | |8 2\u |a 709.43 |q DE-101 |2 23/BSB | |
| 084 | |a 750 |q DE-101 |2 sdnb | ||
| 085 | |8 1\u |b 759 | ||
| 085 | |8 1\u |z 2 |s 43 | ||
| 085 | |8 2\u |b 709 | ||
| 085 | |8 2\u |z 2 |s 43 | ||
| 100 | 1 | |a Hoffmann de Vere, Harald |d 1945- |e Verfasser |4 aut |0 (DE-603)099327813 |0 (DE-588)123052556 |2 gnd | |
| 245 | 0 | 0 | |a Hiddensee |b Insel im Farbenmeer |c Harald Hoffmann de Vere |
| 264 | 1 | |a Berlin |b Nicolai |c 2014 | |
| 300 | |a 127 Seiten |b Illustrationen |c 29 cm | ||
| 336 | |a unbewegtes Bild |b sti |2 rdacontent | ||
| 336 | |a Text |b txt |2 rdacontent | ||
| 337 | |a ohne Hilfsmittel zu benutzen |b n |2 rdamedia | ||
| 338 | |a Band |b nc |2 rdacarrier | ||
| 546 | |a Text deutsch und englisch | ||
| 600 | 1 | 7 | |a Hoffmann de Vere, Harald |d 1945- |0 (DE-588)123052556 |0 (DE-603)099327813 |2 gnd |
| 650 | 7 | |a Landschaftsmalerei |0 (DE-588)4114355-3 |0 (DE-603)08534186X |2 gnd | |
| 650 | 7 | |a Hiddensee |g Motiv |0 (DE-588)4429171-1 |0 (DE-603)088704912 |2 gnd | |
| 655 | 7 | |a Bildband |2 gnd-content |0 (DE-588)4145395-5 |0 (DE-603)085578738 | |
| 856 | 4 | 2 | |m V:DE-603;B:DE-Mb50 |q application/pdf |u http://scans.hebis.de/HEBCGI/show.pl?34479773_toc.pdf |3 Inhaltsverzeichnis |
| 924 | 0 | |9 Mb 50 |a (DE-603)786352639 |b DE-Mb50 |c HES |d c |g 16.08130 | |


